[Event "2. Bundesliga Ost 2016/2017"]
[Site "alle Wien"]
[Date "2016.10.15"]
[Round "1"]
[Board "1"]
[White "Vymazal, Bronislav"]
[Black "Weinzettl, Ernst"]
[Result "0-1"]
[WhiteElo "2331"]
[BlackElo "2274"]
[PlyCount "48"]
[EventDate "2016.10.15"]
[EventType "team"]
[EventRounds "11"]
[EventCountry "AUT"]
[WhiteTeam "SZ Favoriten"]
[BlackTeam "ASVOE VHS Poechlarn"]

1. e4 e6 2. d4 d5 3. e5 c5 4. c3 Nc6 5. Nf3 Nh6 6. Be2 Qb6 7. b3 cxd4 8. cxd4
Nf5 9. Bb2 Be7 10. O-O O-O 11. Na3 f6 12. exf6 Rxf6 13. Nc2 Bd7 14. Ne3 Nxe3
15. fxe3 Raf8 16. Bc3 Rh6 17. Rc1 Be8 18. Qd2 Bd6 19. Ne5 Rxf1+ 20. Bxf1 Qd8
21. g3 Qg5 22. Nxc6 Bxg3 23. Ne7+ Kh8 24. Ng6+ Qxg6 0-1

[Event "2. Bundesliga Ost 2016/2017"]
[Site "alle Wien"]
[Date "2016.10.15"]
[Round "1"]
[Board "2"]
[White "Ganaus, Hannes"]
[Black "Ivancsics, Michael"]
[Result "1/2-1/2"]
[WhiteElo "2277"]
[BlackElo "2231"]
[PlyCount "106"]
[EventDate "2016.10.15"]
[EventType "team"]
[EventRounds "11"]
[EventCountry "AUT"]
[WhiteTeam "ASVOE VHS Poechlarn"]
[BlackTeam "SZ Favoriten"]

1. d4 Nf6 2. Nf3 c5 3. d5 e6 4. Nc3 exd5 5. Nxd5 Nxd5 6. Qxd5 Nc6 7. e4 Be7 8.
Bc4 O-O 9. Bf4 d6 10. Qd2 Be6 11. Bxe6 fxe6 12. O-O d5 13. exd5 exd5 14. Rfe1
Qd7 15. Ne5 Nxe5 16. Bxe5 Rad8 17. c3 Bf6 18. Rad1 d4 19. Bxf6 Rxf6 20. Qg5 b6
21. cxd4 cxd4 22. Rd3 h6 23. Qe5 Qf5 24. Qxf5 Rxf5 25. g3 Kf7 26. Re4 Rfd5 27.
h4 R8d6 28. Kg2 h5 29. Kf3 Kf6 30. b4 Kf5 31. a4 a6 32. g4+ hxg4+ 33. Rxg4 Kf6
34. Kg3 g6 35. Re4 Kf5 36. Re8 Re5 37. Rxe5+ Kxe5 38. Kf3 Rf6+ 39. Ke2 Kd5 40.
b5 axb5 41. axb5 Kc4 42. Rg3 Re6+ 43. Kd2 Rf6 44. Ke2 d3+ 45. Rxd3 Rxf2+ 46.
Kxf2 Kxd3 47. Kf3 Kc4 48. Kf4 Kxb5 49. Kg5 Kc4 50. Kxg6 b5 51. h5 b4 52. h6 b3
53. h7 b2 1/2-1/2

[Event "2. Bundesliga Ost 2016/2017"]
[Site "alle Wien"]
[Date "2016.10.15"]
[Round "1"]
[Board "3"]
[White "Steiner, Bruno"]
[Black "Wilke, Werner"]
[Result "1-0"]
[WhiteElo "2166"]
[BlackElo "2226"]
[PlyCount "76"]
[EventDate "2016.10.15"]
[EventType "team"]
[EventRounds "11"]
[EventCountry "AUT"]
[WhiteTeam "SZ Favoriten"]
[BlackTeam "ASVOE VHS Poechlarn"]

1. c4 e5 2. g3 c6 3. d4 e4 4. Bg2 d5 5. cxd5 cxd5 6. Nh3 Nf6 7. O-O Be7 8. Bg5
Nc6 9. Nc3 Ng4 10. Bxe7 Nxe7 11. e3 h5 12. Qb3 h4 13. Nf4 hxg3 14. hxg3 Nf6 15.
f3 g5 16. fxe4 gxf4 17. exd5 Nh5 18. gxf4 Ng3 19. Rf3 Ngf5 20. e4 Nh4 21. Rg3
Neg6 22. Ne2 Nxg2 23. Kxg2 Qh4 24. Qe3 Bg4 25. Ng1 Rc8 26. f5 Qh2+ 27. Kf1 Qxb2
28. Re1 Qb5+ 29. Ne2 Rh1+ 30. Rg1 Bxe2+ 31. Rxe2 Rxg1+ 32. Kxg1 Nf4 33. Rf2 Nd3
34. Rd2 Rc1+ 35. Kh2 Rc3 36. f6 Qc4 37. Qg3 Kd7 38. Qg8 Qc7+ 1-0

[Event "2. Bundesliga Ost 2016/2017"]
[Site "alle Wien"]
[Date "2016.10.15"]
[Round "1"]
[Board "4"]
[White "Schweitzer, Werner"]
[Black "Chulis, Alexander"]
[Result "1/2-1/2"]
[WhiteElo "2026"]
[BlackElo "2157"]
[PlyCount "59"]
[EventDate "2016.10.15"]
[EventType "team"]
[EventRounds "11"]
[EventCountry "AUT"]
[WhiteTeam "ASVOE VHS Poechlarn"]
[BlackTeam "SZ Favoriten"]

1. e4 e5 2. Nf3 Nc6 3. Bc4 Bc5 4. b4 Bxb4 5. c3 Be7 6. d4 Bf6 7. O-O d6 8. Qb3
Qe7 9. Re1 g5 10. h3 h5 11. Ba3 g4 12. dxe5 gxf3 13. exf6 Qxf6 14. Nd2 Ne5 15.
Nxf3 Nxf3+ 16. gxf3 Bxh3 17. Bf1 Qg5+ 18. Kh2 Bxf1 19. Rxf1 Qh4+ 20. Kg2 Ne7
21. Rfd1 Ng6 22. Bc1 Rg8 23. Kf1 O-O-O 24. Rb1 b6 25. a4 Ne5 26. c4 Qh3+ 27.
Ke2 Qe6 28. Rd5 Nc6 29. Be3 h4 30. Qb5 1/2-1/2

[Event "2. Bundesliga Ost 2016/2017"]
[Site "alle Wien"]
[Date "2016.10.15"]
[Round "1"]
[Board "5"]
[White "Miazhynski, Yuri"]
[Black "Lammer, Stefan"]
[Result "1/2-1/2"]
[WhiteElo "2059"]
[BlackElo "2070"]
[PlyCount "60"]
[EventDate "2016.10.15"]
[EventType "team"]
[EventRounds "11"]
[EventCountry "AUT"]
[WhiteTeam "SZ Favoriten"]
[BlackTeam "ASVOE VHS Poechlarn"]

1. e4 e5 2. Nc3 Nf6 3. f4 d6 4. Nf3 Be7 5. d4 exd4 6. Nxd4 O-O 7. Bd3 Nbd7 8.
Nb3 Re8 9. O-O c5 10. a4 Qc7 11. Nd2 a6 12. Kh1 b6 13. Nd5 Qc6 14. c4 Bb7 15.
b3 Qc8 16. Ra2 Nxd5 17. cxd5 f5 18. e5 g6 19. Bc4 b5 20. axb5 axb5 21. Rxa8
Qxa8 22. Bxb5 Rd8 23. exd6 Bf6 24. Nc4 Bxd5 25. Qd2 Qb7 26. Rd1 Bd4 27. Bxd7
Rxd7 28. Bb2 Bxc4 29. Bxd4 Rxd6 30. bxc4 Rxd4 1/2-1/2

[Event "2. Bundesliga Ost 2016/2017"]
[Site "alle Wien"]
[Date "2016.10.15"]
[Round "1"]
[Board "6"]
[White "Gattermayer, Robert"]
[Black "Boelzlbauer, Wolfgang"]
[Result "1-0"]
[WhiteElo "1959"]
[BlackElo "1951"]
[PlyCount "61"]
[EventDate "2016.10.15"]
[EventType "team"]
[EventRounds "11"]
[EventCountry "AUT"]
[WhiteTeam "ASVOE VHS Poechlarn"]
[BlackTeam "SZ Favoriten"]

1. e4 e6 2. Qe2 c5 3. Nc3 Nc6 4. Nf3 g6 5. d3 Bg7 6. g3 Nge7 7. Bg2 b5 8. O-O
b4 9. Nd1 Bb7 10. Bg5 O-O 11. Qd2 f6 12. Bh6 d5 13. Bxg7 Kxg7 14. exd5 exd5 15.
Ne3 Qd7 16. Rfe1 Rad8 17. d4 Nf5 18. Nxf5+ Qxf5 19. Nh4 Qh5 20. dxc5 a5 21. Re6
Ne5 22. b3 g5 23. Nf5+ Kg6 24. Nd4 Rc8 25. Re1 Kf7 26. f4 gxf4 27. Qxf4 Kg8 28.
Rxf6 Ng4 29. Rf5 Rxf5 30. Nxf5 Rf8 31. Qxg4+ 1-0

[Event "2. Bundesliga Ost 2016/2017"]
[Site "alle Wien"]
[Date "2016.10.15"]
[Round "1"]
[Board "1"]
[White "Lipka, Juraj"]
[Black "Szabo, Krisztian"]
[Result "1/2-1/2"]
[WhiteElo "2421"]
[BlackElo "2510"]
[PlyCount "50"]
[EventDate "2016.10.15"]
[EventType "team"]
[EventRounds "11"]
[EventCountry "AUT"]
[WhiteTeam "ASVOE Pamhagen"]
[BlackTeam "ASVOE Mattersburg"]

1. Nf3 Nf6 2. c4 c6 3. d4 d5 4. cxd5 cxd5 5. Nc3 Nc6 6. Bf4 a6 7. e3 Bf5 8. Bd3
Bxd3 9. Qxd3 e6 10. O-O Be7 11. h3 O-O 12. Rfc1 Rc8 13. Ne5 Nxe5 14. Bxe5 Qd7
15. Rc2 Rc6 16. Rac1 Rfc8 17. Na4 Rxc2 18. Rxc2 Qd8 19. Rxc8 Qxc8 20. Qc3 Qxc3
21. Nxc3 Nd7 22. Bc7 Bb4 23. Ne2 f6 24. Nf4 Kf7 25. Nd3 Bf8 1/2-1/2

[Event "2. Bundesliga Ost 2016/2017"]
[Site "alle Wien"]
[Date "2016.10.15"]
[Round "1"]
[Board "2"]
[White "Petran, Peter"]
[Black "Maslik, Miroslav"]
[Result "0-1"]
[WhiteElo "2306"]
[BlackElo "2355"]
[PlyCount "66"]
[EventDate "2016.10.15"]
[EventType "team"]
[EventRounds "11"]
[EventCountry "AUT"]
[WhiteTeam "ASVOE Mattersburg"]
[BlackTeam "ASVOE Pamhagen"]

1. g3 e5 2. c4 Nf6 3. Bg2 c6 4. d4 e4 5. Nc3 d5 6. Bg5 Bb4 7. Qb3 Bxc3+ 8. bxc3
Nbd7 9. cxd5 cxd5 10. f3 O-O 11. fxe4 dxe4 12. Nh3 h6 13. Bc1 Nb6 14. Nf2 Be6
15. Qc2 Rc8 16. e3 Bc4 17. Nxe4 Nxe4 18. Bxe4 Nd5 19. Kf2 Qf6+ 20. Kg2 Rfe8 21.
Re1 Nxc3 22. Bxb7 Ne4 23. Bxe4 Bf1+ 24. Rxf1 Rxc2+ 25. Bxc2 Qc6+ 26. Kg1 Qxc2
27. a4 Rb8 28. a5 a6 29. Rf2 Qc3 30. Rfa2 Rb5 31. Bd2 Qd3 32. Be1 h5 33. Bf2
Rb1+ 0-1

[Event "2. Bundesliga Ost 2016/2017"]
[Site "alle Wien"]
[Date "2016.10.15"]
[Round "1"]
[Board "3"]
[White "Horvath, Dominik"]
[Black "Brod, Manfred"]
[Result "1-0"]
[WhiteElo "2269"]
[BlackElo "2277"]
[PlyCount "123"]
[EventDate "2016.10.15"]
[EventType "team"]
[EventRounds "11"]
[EventCountry "AUT"]
[WhiteTeam "ASVOE Pamhagen"]
[BlackTeam "ASVOE Mattersburg"]

1. Nf3 c5 2. c4 Nc6 3. Nc3 e5 4. g3 g6 5. Bg2 Bg7 6. O-O d6 7. a3 a5 8. Ne1 Be6
9. d3 Nge7 10. Nc2 d5 11. cxd5 Nxd5 12. Ne3 Nde7 13. Ne4 b6 14. Ng5 Bd7 15. Nc4
O-O 16. f4 h6 17. Ne4 f5 18. Nc3 exf4 19. Bxf4 g5 20. Bd6 Ra6 21. Nd5 Be6 22.
Bc7 Qe8 23. Ndxb6 Qf7 24. Bd6 Nd4 25. e3 Nb5 26. Bxc5 Rb8 27. a4 Nc7 28. Rc1
Ncd5 29. Nxd5 Nxd5 30. e4 Qc7 31. Ne3 Nxe3 32. Bxe3 Qd7 33. Qf3 fxe4 34. Qxe4
Rxb2 35. Rb1 Rb4 36. Rxb4 axb4 37. Qxb4 Qxd3 38. Bc5 Qc4 39. Qb5 Qxb5 40. axb5
Ra5 41. Bc6 Bc4 42. Rb1 Kf7 43. Bf2 g4 44. b6 Be5 45. b7 Bb8 46. Rc1 Be2 47.
Be3 h5 48. Bf4 Ba7+ 49. Kg2 Bf3+ 50. Bxf3 gxf3+ 51. Kxf3 Rb5 52. Rc7+ Ke6 53.
Rh7 Kf6 54. Ke4 Rb4+ 55. Kd5 Rb5+ 56. Kc6 Rc5+ 57. Kd7 Rb5 58. Kc8 Rc5+ 59. Rc7
Rb5 60. Rc6+ Kf5 61. Ra6 Rc5+ 62. Bc7 1-0

[Event "2. Bundesliga Ost 2016/2017"]
[Site "alle Wien"]
[Date "2016.10.15"]
[Round "1"]
[Board "4"]
[White "Salamon, Werner"]
[Black "Vitouch, Anatol"]
[Result "0-1"]
[WhiteElo "2157"]
[BlackElo "2320"]
[PlyCount "118"]
[EventDate "2016.10.15"]
[EventType "team"]
[EventRounds "11"]
[EventCountry "AUT"]
[WhiteTeam "ASVOE Mattersburg"]
[BlackTeam "ASVOE Pamhagen"]

1. e4 c5 2. c3 d5 3. exd5 Qxd5 4. d4 g6 5. Nf3 Bg7 6. Na3 cxd4 7. Nb5 Na6 8.
Nbxd4 Nf6 9. Bb5+ Bd7 10. Bxd7+ Nxd7 11. O-O O-O 12. Qb3 Qxb3 13. Nxb3 Nac5 14.
Nxc5 Nxc5 15. Be3 Na4 16. Rad1 Rfd8 17. Rxd8+ Rxd8 18. Bxa7 Nxb2 19. Bd4 Ra8
20. Ra1 Bxd4 21. cxd4 Ra4 22. Kf1 Nd3 23. Rd1 Nf4 24. g3 Nd5 25. Rd2 f6 26. Rb2
b6 27. h4 Kf7 28. Kg2 Ke6 29. Rd2 Kd6 30. Rc2 h6 31. g4 b5 32. Rb2 Rb4 33. Rc2
Rc4 34. Rb2 b4 35. Rb3 Rc3 36. Rb2 Nf4+ 37. Kg3 Nd3 38. Re2 g5 39. Re3 Nc1 40.
hxg5 hxg5 41. a4 Rc2 42. d5 Ne2+ 43. Kh2 Nf4 44. Nd4 Rxf2+ 45. Kg3 Ra2 46. Nf5+
Kxd5 47. Nxe7+ Kc4 48. Re4+ Kc3 49. Re3+ Kd2 50. Kf2 Nd3+ 51. Kf3 Ne5+ 52. Ke4
Rxa4 53. Nd5 b3+ 54. Kf5 Ra5 55. Rxb3 Rxd5 56. Kxf6 Nxg4+ 57. Kg6 Ne3 58. Kh5
Ke2 59. Ra3 Kf3 0-1

[Event "2. Bundesliga Ost 2016/2017"]
[Site "alle Wien"]
[Date "2016.10.15"]
[Round "1"]
[Board "5"]
[White "Alvir, Aco"]
[Black "Braun, Karl-Heinz"]
[Result "1-0"]
[WhiteElo "2359"]
[BlackElo "2034"]
[PlyCount "31"]
[EventDate "2016.10.15"]
[EventType "team"]
[EventRounds "11"]
[EventCountry "AUT"]
[WhiteTeam "ASVOE Pamhagen"]
[BlackTeam "ASVOE Mattersburg"]

1. e4 c5 2. Nf3 g6 3. d4 Bg7 4. Nc3 Nc6 5. dxc5 Bxc3+ 6. bxc3 Qa5 7. Bd3 Qxc3+
8. Bd2 Qxc5 9. O-O Nf6 10. Rb1 d6 11. Rb5 Qa3 12. Qa1 O-O 13. Bh6 Re8 14. Nd2
Ne5 15. Nb1 Qa4 16. Nc3 1-0

[Event "2. Bundesliga Ost 2016/2017"]
[Site "alle Wien"]
[Date "2016.10.15"]
[Round "1"]
[Board "6"]
[White "Savio, Alfred Jun."]
[Black "Kuthan, Andreas"]
[Result "1-0"]
[WhiteElo "2024"]
[BlackElo "2208"]
[PlyCount "59"]
[EventDate "2016.10.15"]
[EventType "team"]
[EventRounds "11"]
[EventCountry "AUT"]
[WhiteTeam "ASVOE Mattersburg"]
[BlackTeam "ASVOE Pamhagen"]

1. d4 Nf6 2. Nc3 d5 3. Nf3 g6 4. Bf4 Bg7 5. e3 O-O 6. Be2 c5 7. Bxb8 Rxb8 8.
O-O cxd4 9. exd4 Bf5 10. Bd3 Ne4 11. Re1 Nxc3 12. bxc3 Bxd3 13. cxd3 e6 14. Qa4
Qc7 15. c4 dxc4 16. dxc4 Rfc8 17. c5 a6 18. Rac1 Qc6 19. Qa5 Rd8 20. Rcd1 Rd5
21. Ne5 Bxe5 22. Rxe5 Rbd8 23. Rxd5 Qxd5 24. f4 Rd7 25. Qa4 Rd8 26. Qc2 Rc8 27.
Qe2 Rd8 28. Qc2 f6 29. Qb3 e5 30. dxe5 1-0

[Event "2. Bundesliga Ost 2016/2017"]
[Site "alle Wien"]
[Date "2016.10.15"]
[Round "1"]
[Board "1"]
[White "Pacher, Milan"]
[Black "Lizak, Peter"]
[Result "1/2-1/2"]
[WhiteElo "2493"]
[BlackElo "2445"]
[PlyCount "93"]
[EventDate "2016.10.15"]
[EventType "team"]
[EventRounds "11"]
[EventCountry "AUT"]
[WhiteTeam "SK Austria"]
[BlackTeam "SC Data Technology Pressbaum/E."]

1. e4 e6 2. d3 d5 3. Nd2 c5 4. Ngf3 Nc6 5. g3 Bd6 6. Bg2 Nge7 7. O-O O-O 8. Re1
Bc7 9. a4 b6 10. exd5 exd5 11. d4 Bg4 12. dxc5 bxc5 13. Nb3 c4 14. Nbd4 Bb6 15.
Be3 Rb8 16. Qd2 Bxf3 17. Bxf3 Nxd4 18. Bxd4 Bxd4 19. Qxd4 Nc6 20. Qc5 Nb4 21.
Re2 Qf6 22. Bxd5 Qxb2 23. Rae1 Nxd5 24. Qxd5 Qb4 25. Qc6 g6 26. Re7 a5 27. R1e4
Qb1+ 28. Kg2 Qxc2 29. Qxc4 Qxc4 30. Rxc4 Rfe8 31. Rxe8+ Rxe8 32. Rc5 Ra8 33. g4
Kg7 34. h4 Kf6 35. Kg3 h6 36. h5 g5 37. f3 Ra6 38. Kf2 Kg7 39. Rf5 Ra7 40. Ke3
Ra6 41. Re5 Rf6 42. Rf5 Rxf5 43. gxf5 Kf6 44. Ke4 g4 45. fxg4 Kg5 46. Kf3 f6
47. Kg3 1/2-1/2

[Event "2. Bundesliga Ost 2016/2017"]
[Site "alle Wien"]
[Date "2016.10.15"]
[Round "1"]
[Board "2"]
[White "Videki, Sandor"]
[Black "Hangweyrer, Manfred"]
[Result "1-0"]
[WhiteElo "2421"]
[BlackElo "2384"]
[PlyCount "115"]
[EventDate "2016.10.15"]
[EventType "team"]
[EventRounds "11"]
[EventCountry "AUT"]
[WhiteTeam "SC Data Technology Pressbaum/E."]
[BlackTeam "SK Austria"]

1. e4 c5 2. Nf3 Nc6 3. d4 cxd4 4. Nxd4 g6 5. c4 Nf6 6. Nc3 Nxd4 7. Qxd4 d6 8.
Be3 Bg7 9. Be2 O-O 10. Qd2 Bd7 11. O-O Bc6 12. f3 a5 13. b3 Nd7 14. Rab1 Nc5
15. Rfc1 f5 16. exf5 gxf5 17. Nd5 Bxd5 18. cxd5 Kh8 19. Rc2 Rg8 20. Kh1 Bf6 21.
a3 Qf8 22. b4 axb4 23. axb4 Na6 24. Bd3 Bg7 25. Bg5 Bf6 26. Bh6 Bg7 27. Bxg7+
Rxg7 28. Qf4 Rf7 29. Rbc1 Qg7 30. Bxf5 Nxb4 31. Qxb4 Rxf5 32. Rc8+ Rxc8 33.
Rxc8+ Rf8 34. Rxf8+ Qxf8 35. Qxb7 Qf4 36. Qb2+ Kg8 37. h3 Kf7 38. Qe2 Qc1+ 39.
Kh2 Qf4+ 40. Kh1 Qc1+ 41. Kh2 Qf4+ 42. g3 Qf5 43. Qe4 Qh5 44. g4 Qh4 45. Kg2
Kg7 46. Qe6 Kf8 47. f4 Ke8 48. Qc8+ Kf7 49. Qf5+ Ke8 50. Qe4 Kd8 51. g5 Ke8 52.
Qf5 Qe1 53. Qe6 Qd2+ 54. Kg3 Qd3+ 55. Kh4 Qf3 56. f5 Kf8 57. f6 exf6 58. Qxf6+
 1-0

[Event "2. Bundesliga Ost 2016/2017"]
[Site "alle Wien"]
[Date "2016.10.15"]
[Round "1"]
[Board "3"]
[White "Theissl-Pokorna, Regina"]
[Black "Weissenbeck, Manuel"]
[Result "1-0"]
[WhiteElo "2324"]
[BlackElo "2229"]
[PlyCount "49"]
[EventDate "2016.10.15"]
[EventType "team"]
[EventRounds "11"]
[EventCountry "AUT"]
[WhiteTeam "SK Austria"]
[BlackTeam "SC Data Technology Pressbaum/E."]

1. e4 c5 2. c3 e6 3. d4 d5 4. e5 Nc6 5. Nf3 Nge7 6. Na3 a6 7. Be2 Bd7 8. h4
cxd4 9. cxd4 f6 10. Bd3 Ng6 11. h5 Bb4+ 12. Kf1 Nf8 13. h6 gxh6 14. Rxh6 Qb6
15. Rxf6 O-O-O 16. Nc2 Be7 17. Rh6 Ng6 18. Rb1 Rdf8 19. b4 Nf4 20. Bxf4 Rxf4
21. a4 Rf7 22. b5 axb5 23. axb5 Na7 24. Ne3 Kb8 25. Nxd5 1-0

[Event "2. Bundesliga Ost 2016/2017"]
[Site "alle Wien"]
[Date "2016.10.15"]
[Round "1"]
[Board "4"]
[White "Neumeier, Klaus"]
[Black "Sardy, Peter"]
[Result "1/2-1/2"]
[WhiteElo "2286"]
[BlackElo "2348"]
[PlyCount "85"]
[EventDate "2016.10.15"]
[EventType "team"]
[EventRounds "11"]
[EventCountry "AUT"]
[WhiteTeam "SC Data Technology Pressbaum/E."]
[BlackTeam "SK Austria"]

1. Nf3 Nf6 2. c4 g6 3. g3 Bg7 4. Bg2 O-O 5. Nc3 d6 6. d4 c5 7. dxc5 dxc5 8.
Qxd8 Rxd8 9. Ne5 Nfd7 10. Nd3 Nc6 11. Be3 Nde5 12. O-O-O Nxd3+ 13. exd3 Bg4 14.
f3 Bf5 15. Ne4 Rac8 16. Bxc5 b6 17. Ba3 Ne5 18. Kc2 Rc7 19. b3 Nc6 20. g4 Bc8
21. g5 a5 22. Rhe1 a4 23. b4 b5 24. Nc5 bxc4 25. dxc4 Bf5+ 26. Kc1 Rxd1+ 27.
Rxd1 Be5 28. h4 Bf4+ 29. Kb2 Be5+ 30. Kc1 Bf4+ 31. Kb2 Ne5 32. Rd8+ Kg7 33. Kc3
Nc6 34. Ra8 Be5+ 35. Kd2 Bb1 36. b5 Nd4 37. b6 Rc6 38. b7 Bf4+ 39. Kd1 Bc2+ 40.
Ke1 Rb6 41. Kf2 Nf5 42. Bh3 Be3+ 43. Ke2 1/2-1/2

[Event "2. Bundesliga Ost 2016/2017"]
[Site "alle Wien"]
[Date "2016.10.15"]
[Round "1"]
[Board "5"]
[White "Nagy, Bence"]
[Black "Hechl, Gerald"]
[Result "1/2-1/2"]
[WhiteElo "2305"]
[BlackElo "2251"]
[PlyCount "49"]
[EventDate "2016.10.15"]
[EventType "team"]
[EventRounds "11"]
[EventCountry "AUT"]
[WhiteTeam "SK Austria"]
[BlackTeam "SC Data Technology Pressbaum/E."]

1. e4 e5 2. Nf3 Nc6 3. Bc4 Bc5 4. O-O Nf6 5. d3 O-O 6. c3 d6 7. b4 Bb6 8. a4 a6
9. Nbd2 Ne7 10. Ba2 Ng6 11. Nc4 Ba7 12. b5 h6 13. Be3 axb5 14. axb5 Bg4 15.
Bxa7 Rxa7 16. Ne3 Bxf3 17. Qxf3 Qa8 18. Qe2 Nf4 19. Qc2 Nxd3 20. b6 cxb6 21.
Qxd3 Rxa2 22. Rab1 Qa6 23. Qxd6 Qa5 24. Nf5 Qc5 25. Qd3 1/2-1/2

[Event "2. Bundesliga Ost 2016/2017"]
[Site "alle Wien"]
[Date "2016.10.15"]
[Round "1"]
[Board "6"]
[White "Lucaci, Marius"]
[Black "Druckenthaner, Andreas"]
[Result "1/2-1/2"]
[WhiteElo "2168"]
[BlackElo "2267"]
[PlyCount "63"]
[EventDate "2016.10.15"]
[EventType "team"]
[EventRounds "11"]
[EventCountry "AUT"]
[WhiteTeam "SC Data Technology Pressbaum/E."]
[BlackTeam "SK Austria"]

1. e4 e5 2. Nf3 Nc6 3. Bc4 Bc5 4. c3 Nf6 5. O-O Nxe4 6. Bd5 Nf6 7. Bxc6 dxc6 8.
Nxe5 O-O 9. d4 Be7 10. Bg5 Be6 11. Nd2 h6 12. Bh4 Qd5 13. Ndf3 Rad8 14. Re1
Rfe8 15. Qc2 Nh5 16. Bxe7 Rxe7 17. c4 Qd6 18. b4 Rde8 19. Re3 Bc8 20. Rae1 f6
21. c5 Qd5 22. Ng6 Rxe3 23. Rxe3 Rxe3 24. fxe3 Qe6 25. e4 Kf7 26. Nfh4 Qg4 27.
h3 Qg5 28. Qc4+ Be6 29. Nh8+ Kg8 30. Qxe6+ Kxh8 31. Qc8+ Kh7 32. Qf5+ 1/2-1/2

[Event "2. Bundesliga Ost 2016/2017"]
[Site "alle Wien"]
[Date "2016.10.15"]
[Round "1"]
[Board "1"]
[White "Juenger, Heinz"]
[Black "Stanec, Nikolaus"]
[Result "0-1"]
[WhiteElo "2110"]
[BlackElo "2444"]
[PlyCount "56"]
[EventDate "2016.10.15"]
[EventType "team"]
[EventRounds "11"]
[EventCountry "AUT"]
[WhiteTeam "SK Advisory Invest Baden"]
[BlackTeam "SC Donaustadt"]

1. d4 Nf6 2. c4 e6 3. g3 c5 4. d5 exd5 5. cxd5 d6 6. Nc3 g6 7. Bg2 Bg7 8. Nf3
O-O 9. O-O a6 10. a4 Nbd7 11. h3 Rb8 12. Bf4 Qc7 13. Rc1 Nh5 14. Be3 Ne5 15. g4
Nxf3+ 16. Bxf3 Nf6 17. Bf4 Qe7 18. Re1 Nd7 19. Bg2 Ne5 20. b3 g5 21. Bd2 f5 22.
gxf5 Bxf5 23. Ne4 Bxe4 24. Bxe4 g4 25. hxg4 Nxg4 26. Bf3 Qh4 27. Bxg4 Qxg4+ 28.
Kf1 Rxf2+ 0-1

[Event "2. Bundesliga Ost 2016/2017"]
[Site "alle Wien"]
[Date "2016.10.15"]
[Round "1"]
[Board "2"]
[White "Kummer, Helmut"]
[Black "Zojer, Stefan"]
[Result "1-0"]
[WhiteElo "2299"]
[BlackElo "2095"]
[PlyCount "79"]
[EventDate "2016.10.15"]
[EventType "team"]
[EventRounds "11"]
[EventCountry "AUT"]
[WhiteTeam "SC Donaustadt"]
[BlackTeam "SK Advisory Invest Baden"]

1. d4 Nf6 2. c4 g6 3. Nc3 Bg7 4. e4 d6 5. Be2 O-O 6. Bg5 c6 7. Nf3 Na6 8. Qd2
Bg4 9. Rd1 Bxf3 10. Bxf3 Qa5 11. O-O Rfe8 12. a3 Rad8 13. h3 Nc7 14. b4 Qb6 15.
Be3 Nd7 16. Be2 Na6 17. Na4 Qc7 18. Rc1 e5 19. dxe5 dxe5 20. Qc2 Qb8 21. c5 Nc7
22. Bc4 Nf8 23. Nc3 Nce6 24. Qa2 Rd7 25. Rcd1 Nd4 26. Ne2 Nfe6 27. Rd3 Qd8 28.
Rfd1 Qh4 29. Bxe6 Rxe6 30. Nxd4 exd4 31. f3 dxe3 32. Rxd7 Be5 33. Qe2 Bf4 34.
Qe1 Qg5 35. R1d3 Re5 36. h4 Qh6 37. g3 Rh5 38. gxf4 Rxh4 39. Rd8+ Kg7 40. Qc3+
 1-0

[Event "2. Bundesliga Ost 2016/2017"]
[Site "alle Wien"]
[Date "2016.10.15"]
[Round "1"]
[Board "3"]
[White "Dzierzenga, Stefan"]
[Black "Pingitzer, Harald"]
[Result "0-1"]
[WhiteElo "2221"]
[BlackElo "2314"]
[PlyCount "68"]
[EventDate "2016.10.15"]
[EventType "team"]
[EventRounds "11"]
[EventCountry "AUT"]
[WhiteTeam "SK Advisory Invest Baden"]
[BlackTeam "SC Donaustadt"]

1. e4 c6 2. Ne2 d5 3. e5 c5 4. b4 cxb4 5. d4 Nc6 6. a3 Bf5 7. Ng3 Bd7 8. axb4
Nxb4 9. c3 Nc6 10. Bd3 e6 11. h4 a6 12. Qg4 f5 13. exf6 Qxf6 14. Bg5 Qf7 15.
Qe2 Be7 16. Na3 Rc8 17. Nc2 Bxg5 18. hxg5 Nge7 19. Ne3 e5 20. g6 Nxg6 21. Nxd5
Kd8 22. Qb2 Qxd5 23. Bxg6 exd4 24. cxd4 Qxd4 25. Qxd4 Nxd4 26. Rd1 Kc7 27. Rxh7
Rxh7 28. Bxh7 Re8+ 29. Kd2 Bc6 30. Rg1 b5 31. Bd3 Kb6 32. f3 Bxf3 33. Kc3 Ne2+
34. Nxe2 Bxe2 0-1

[Event "2. Bundesliga Ost 2016/2017"]
[Site "alle Wien"]
[Date "2016.10.15"]
[Round "1"]
[Board "4"]
[White "Schwab, Lukas"]
[Black "Ly, Dominik"]
[Result "0-1"]
[WhiteElo "2087"]
[BlackElo "2121"]
[PlyCount "100"]
[EventDate "2016.10.15"]
[EventType "team"]
[EventRounds "11"]
[EventCountry "AUT"]
[WhiteTeam "SC Donaustadt"]
[BlackTeam "SK Advisory Invest Baden"]

1. e4 c5 2. Nf3 d6 3. d4 cxd4 4. Nxd4 Nf6 5. Nc3 a6 6. f4 Nc6 7. Be2 Qb6 8.
Nxc6 bxc6 9. e5 dxe5 10. fxe5 Nd5 11. Nxd5 cxd5 12. Qxd5 Bb7 13. Qb3 Qxb3 14.
axb3 Bxg2 15. Rg1 Bb7 16. Rg4 g6 17. Rga4 Bg7 18. Bf4 g5 19. Bg3 h5 20. h4 Rc8
21. c3 gxh4 22. Rxh4 Rc5 23. Bxa6 Bxe5 24. Bf2 Rc7 25. Be2 Rxc3 26. Ra5 Bf6 27.
bxc3 Bxc3+ 28. Kd1 Bxa5 29. Rxh5 Rxh5 30. Bxh5 Bd5 31. Kc2 Bb4 32. Bd4 Kd7 33.
Bg4+ Kd6 34. Bg7 Be4+ 35. Kd1 f5 36. Bh5 Kd5 37. Bf7+ e6 38. Bh5 e5 39. Ke2 Kd4
40. Bf7 Bd5 41. Bxd5 Kxd5 42. Ke3 Bc5+ 43. Kf3 Kd4 44. Kg3 Bd6 45. Bf6 Ke3 46.
Bg5+ f4+ 47. Kg4 Ke2 48. b4 f3 49. Bh4 Bxb4 50. Kf5 Be1 0-1

[Event "2. Bundesliga Ost 2016/2017"]
[Site "alle Wien"]
[Date "2016.10.15"]
[Round "1"]
[Board "5"]
[White "Trippold, Denise"]
[Black "Froewis, Annika"]
[Result "1/2-1/2"]
[WhiteElo "2088"]
[BlackElo "2101"]
[PlyCount "103"]
[EventDate "2016.10.15"]
[EventType "team"]
[EventRounds "11"]
[EventCountry "AUT"]
[WhiteTeam "SK Advisory Invest Baden"]
[BlackTeam "SC Donaustadt"]

1. d4 d5 2. c4 e6 3. Nf3 Nf6 4. g3 Bb4+ 5. Bd2 Be7 6. Bg2 O-O 7. O-O Nbd7 8.
Qc2 Ne4 9. Bf4 g5 10. cxd5 gxf4 11. Qxe4 fxg3 12. hxg3 Nf6 13. Qd3 exd5 14. Nc3
c6 15. Ne5 Bd6 16. Rad1 Bxe5 17. dxe5 Ng4 18. e4 Qg5 19. exd5 cxd5 20. Nxd5
Qxe5 21. Rfe1 Qxb2 22. Re2 Qg7 23. Nc7 Rb8 24. Rde1 Qh6 25. Re7 Be6 26. Qe2 Bf5
27. Qf3 Qh2+ 28. Kf1 Qh5 29. Kg1 Rbd8 30. Nd5 Qg5 31. Rxb7 Be6 32. Ne7+ Kh8 33.
Qc3+ Qf6 34. Qxf6+ Nxf6 35. Rxa7 Rd2 36. a4 Ng4 37. f3 Nf6 38. Nc6 Rc8 39. f4
Bd5 40. Bxd5 Nxd5 41. Rxf7 Rg8 42. Kh1 Rd3 43. g4 Rxg4 44. Re8+ Rg8 45. Rxg8+
Kxg8 46. Rb7 Rc3 47. Ne7+ Nxe7 48. Rxe7 Ra3 49. Re4 Ra2 50. Kg1 Kf7 51. Rb4 Kf6
52. Kh1 1/2-1/2